Statistics for All Blacks selected for 2021 Rugby Championship

Click here to take the quiz!

General Stats

  • This quiz has been taken 6 times
  • The average score is 16 of 36

Answer Stats

HintAnswer% Correct
HookerDane Coles
100%
Scrum halfAaron Smith
80%
Back RowAkira Ioane
80%
Fly HalfBeauden Barrett
80%
LockBrodie Retallick
80%
Full backJordie Barrett
80%
Fly HalfRichie Mo’unga
80%
CentreRieko Ioane
80%
LockSamuel Whitelock
80%
LockScott Barrett
80%
WingSevu Reece
80%
Scrum halfTJ Perenara
80%
Back RowArdie Savea
60%
Scrum halfBrad Weber
60%
WingWill Jordan
60%
CentreAnton Lienert-Brown
40%
CentreBraydon Ennor
40%
HookerCodie Taylor
40%
Full backDamian McKenzie
40%
Back RowEthan Blackadder
40%
WingGeorge Bridge
40%
PropJoe Moody
40%
Back RowDalton Papalii
20%
CentreDavid Havili
20%
Back RowLuke Jacobson
20%
PropNepo Laulala
20%
PropOfa Tuungafasi
20%
LockPatrick Tuipulotu
20%
Back RowShannon Frizell
20%
LockTupou Vaa’i
20%
PropTyrel Lomax
20%
PropAngus Ta’avao
0%
HookerAsafo Aumua
0%
Back RowHoskins Sotutu
0%
PropKarl Tu’inukuafe
0%
CentreQuinn Tupaea
0%

Score Distribution

Percentile by Number Answered

Percent of People with Each Score

Your Score History

You have not taken this quiz